000 00819nmm a2200265 a 4500
001 ocm000557876
003 TR-IsHL
005 20201028121941.0
008 110704s2004 tu tur
007 cr cn
020 _a9789756477304
035 _a557876
_b(N$T)
050 0 4 _aQA76.73.B3
_bK67 2004
090 0 4 _aQA76.73.B3
_bK67 2004
100 1 _aKorkmaz, Yeliz
245 1 0 _aVisual basic, NET
_h[electronic resource] /
_cYeliz Korkmaz
250 _a1. bs.
260 _aİstanbul :
_bPusula Yayıncılık,
_c2004
300 _a536 p.
650 4 _aBilgisayar
650 4 _aComputer Sciences
650 0 _aVisual Basic 6.0
650 7 _aCOMPUTERS / Programming Languages / Visual BASIC
_2bisacsh
856 4 0 _uhttp://search.ebscohost.com/login.aspx?direct=true&scope=site&db=e011xww&AN=557876
999 _c1604
_d1604